000 00845 a2200217 4500
999 _c2047
_d2047
020 _a9781933995212 (alk. paper)
050 0 0 _aHF1714 SAL 2008
100 1 _aSally, Razeen,
_d1965-
_eauthor
245 1 0 _aNew frontiers in free trade :
_bglobalization's future and Asia's rising role /
_cRazeen Sally.
264 _aWashington
_bCATO Institute
_c2008
300 _av, 154 p. :
_bill. ;
500 _aIncludes index
504 _aIncludes bibliographical references (p. 135-143)
650 0 _aFree trade.
650 0 _aForeign trade regulation.
650 0 _aInternational trade.
651 0 _aAsia
856 4 1 _3Table of contents only
_uhttp://www.loc.gov/catdir/toc/ecip0822/2008029683.html
942 _2lcc
_cBK
_h1714
_iSAL
_kHF